Central Planning
Guardat en:
| Autor principal: | |
|---|---|
| Format: | Llibre |
| Idioma: | anglès |
| Publicat: |
New Haven
Yale University Press
1964
|
| Col·lecció: | Studies in Comparative Economics, 4
|
| Matèries: | |
| Etiquetes: |
Afegir etiqueta
Sense etiquetes, Sigues el primer a etiquetar aquest registre!
|
MARC
| LEADER | 00000nam a2200000 a 4500 | ||
|---|---|---|---|
| 001 | UCQ1240 | ||
| 003 | CL-VaPUC | ||
| 008 | 980709e19640000US |||||||||||||||||eng|d | ||
| 082 | 0 | 4 | |a 338.9 |b TIN |2 21 |
| 100 | 0 | |a Tinbergen, Jan |e author |9 408947 | |
| 245 | 1 | 0 | |a Central Planning |
| 300 | |a 150 p | ||
| 942 | |c BK | ||
| 945 | |d 19980709 00:00:00 |a crobeson | ||
| 260 | |a New Haven |b Yale University Press |c 1964 | ||
| 650 | 7 | |a PLANIFICACION ECONOMICA |2 CL-VaPUC |9 321496 | |
| 650 | 0 | |a Política económica |9 255029 | |
| 650 | 0 | |a Administración financiera |9 261146 | |
| 650 | 0 | |a Planificación del desarrollo |9 326796 | |
| 583 | |a last modification |c 20170426 05:12:09 |k Rodrigo Vera | ||
| 490 | 0 | |a Studies in Comparative Economics, 4 | |
| 999 | |c 272243 |d 272241 | ||